Ossobennosti konstruirovanija i rasčeta silovych stykovych sojedinenij jačeistobetonnych konstrukcij, izgotovlennych po rezateľnoj technologii

Bibliographic Details
Main Author: Skorjak, L. A. (Author)
Format: Article
Language:Russian
Slovak
Subjects:

MARC

LEADER 00000nab a2200000 a 4500
001 vtls000422417
003 SK-MaSNL
005 20260318124910.0
008 120925c1990 xo 0 rus
015 |a SNBRA19rr/mm-uuuuu 
035 |a CL0422545 
040 |a SNKBUCL  |b slo  |c SNKBUCL  |e AACR2 
041 0 |a slo 
044 |a xo  |c SK 
080 |a 624.016:624.04  |2 1981 
080 |a 624.04  |2 1981 
080 |a 624.078.4  |2 1981 
100 1 |a Skorjak, L. A.  |4 aut  |9 965814 
245 1 0 |a Ossobennosti konstruirovanija i rasčeta silovych stykovych sojedinenij jačeistobetonnych konstrukcij, izgotovlennych po rezateľnoj technologii  |c L. A. Skorjak 
500 |a Obr. 1. 
650 0 7 |a konštrukcie stavebné pórobetónové  |2 snkbucl  |9 1262576 
650 0 7 |a konštrukčné spoje  |2 snkbucl  |9 421890 
655 7 |a články zo zborníkov  |2 snkbucl  |9 166140 
773 0 |t Ôsma konferencia o pórobetóne  |d Bratislava : Dom techniky ČSVTS, 1990 
850 |a Slovenská národná knižnica v Martine  |a MTA001 
852 |a SNK  |b KIS3GCP 
958 |a RK 
992 |a RZB 
999 |c 2257421  |d 2259351